| 000 | 01747cam a22004574i 4500 | ||
|---|---|---|---|
| 003 | PE-LiUPU | ||
| 005 | 20250731172910.0 | ||
| 008 | 150617s r 000 0 d | ||
| 035 | _a(Sirsi) a16855 | ||
| 040 |
_aPE-LiUPU _bspa _cPE-LiUPU _erda |
||
| 049 | _aPRUA | ||
| 082 | 0 | 4 |
_a253.7 _bB43 _221 |
| 100 | 1 |
_aBeyerhaus, Peter, _eautor. |
|
| 245 | 1 | 0 |
_aMissions: which way? : _bHumanization or redemption / _cForeword by Donald McGavran. Pref. by Harold Lindsell. Translated by Margaret Clarkson. |
| 264 | 1 |
_aMichigan : _bZondervan Publishing House, _c1976. |
|
| 300 |
_a120 páginas ; _c20 cm. |
||
| 336 |
_atext _2rdacontent |
||
| 337 |
_aunmediated _2rdamedia |
||
| 338 |
_avolume _2rdacarrier |
||
| 504 | _aIncluye bibliografía. | ||
| 505 | 0 | _aThe crisis in the classical understanding of mission. -Three answers to crisis. -The "Ecumenical-evangelical" confrontation. -The necessity of a reciprocal corrective. -Where is the ecumenical missionary movement being taken?. -Implications for the German evangelical mission. | |
| 526 | _aSEG42 | ||
| 526 | _aSEG41 | ||
| 526 | _aSEG40 | ||
| 526 | _aSEG39 | ||
| 526 | _aP94 | ||
| 526 | _aP87 | ||
| 526 | _aP86 | ||
| 526 | _aP85 | ||
| 526 | _aP77 | ||
| 526 | _aP76 | ||
| 526 | _aP35 | ||
| 650 | 0 | 4 | _aMisiones. |
| 910 |
_ajck _bjvq _cjck _d20150616 |
||
| 942 |
_2ddc _cBOOK |
||
| 949 |
_a253.7 B43 _wDEWEY _c1 _i18575 _lCCODEBUL1 _mBUL _p00.00 _r0 _sY _tBOOK _u19810304 _xTEOLOGIA _PP35 _0COMPRA _o.STAFF. Colección General |
||
| 994 |
_aC0 _bPEPRU |
||
| 596 | _a1 | ||
| 999 |
_a253.7 B43 _wDEWEY _c16370 _i18575 _f2021-11-12 _g5 _lCCODEBUL1 _mBUL _r0 _sY _tBOOK _u2015-6-17 _xTEOLOGIA _PP35 _0COMPRA _o.STAFF. Colección General _d16370 |
||
| 980 |
_81 _gALBERTO SANCHEZ Responsable de Automatización |
||